000 01211nam a2200289 i 4500
003 DO-SdBNP
005 20250211105136.0
008 230613b2023 dr a|||| |||| 00| 0 spa d
020 _a9789945183474
040 _aDO-SdBNP
_bspa
_cBNPHU
_erda
082 4 _222
100 1 _aStern Díaz, Herbert S.
_d1958-
_eautor
_913913
245 1 3 _aLa fiebre amarilla en la isla de Santo Domingo :
_bsu impacto en las expediciones militares extranjeras /
_cHerbert Stern Díaz ; prólogo, Tito Suero Portorreal ; corrección de estilo, Begoña Mínguez Casariego
264 1 _aSanto Domingo :
_bClinica Oftalmológica de Santo Domingo,
_c2023.
300 _a89 páginas :
_bilustraciones ;
_c23 cm.
336 _2rdacontent
_atexto
_btxt
337 _2rdamedia
_asin mediación
_bn
338 _2rdacarrier
_avolumen
_bnc
500 _aIncluye datos biográficos del autor en las solapas
500 _aIncluye referencias bibliográficas y notas al pie de las páginas
504 _aBibliografía : p. 85-89
590 _aInventariado, 2023/BT
700 1 _aSuero Portorreal, Tito,
_eprólogo
_981697
700 1 _aMínguez Casariego, Begoña,
_ecorrección de estilo
_983541
910 _aBtavárez
942 _2ddc
_cLBS1
999 _c53808
_d53808